| 000 | 00343nam a2200121Ia 4500 | ||
|---|---|---|---|
| 008 | 220204s9999 xx 000 0 und d | ||
| 082 |
_a658.5 _bCLI |
||
| 100 | _aClifton, David S | ||
| 245 | 0 | _aProject feasibility analysis: A guide to profitable new ventures | |
| 260 |
_aNew York _bJohn Wiley _c1977 |
||
| 700 | _aFyffe, David E | ||
| 942 | _cBK | ||
| 999 |
_c31248 _d31248 |
||